Statistics for Obscure Political Ideologies Quiz

Click here to take the quiz!

General Stats

  • This quiz has been taken 214 times
  • The average score is 5 of 15

Answer Stats

DescriptionIdeology% Correct
Ideology based around the authoritarian free market ideals of Augusto Pinochet.Pinochetism
74%
Anti-democratic ideology who supports a system of governance in which decision-makers within the are selected on the basis of their expertise in a given area of responsibility, particularly with regard to scientific or technical knowledgeTechnocracy
55%
The advocacy of intentionally accelerating and unstabilizing political processes for the achievement of political goals,Accelerationism
54%
Libertarian that advocates for the only tax being a land value tax seeing as it is neither a product of labor or capital.Georgism
42%
Ideology that advocates for fascism through spiritual means.Esoteric Fascism
38%
Belief in widespread distribution of the means of production which the workers then privately own. The ideology is highly based off the teachings of the encyclicals of Pope Leo XIII.Distributism
32%
Ideology that advocates for progressive social policies while also being a staunchly capitalistic.Pink Capitalism
30%
Ideology that advocates for only the stupidest people to rule.Kakistocracy
29%
A ideology that intends to create right wing anarchism through engaging in what they call the counter economy.Agorism
23%
The belief that an individual should be able to do anything they desire resulting in stronger individuals rising to the top and killing those that are weaker.Avaritionism
21%
Ideology that calls for the complete subjugation of the weak by the strong.Kraterocracy
21%
An ideology that believes that all species are an equally important aspect of the worlds ecology, and should be treated as equals.Deep Ecology
20%
A political ideology that combines individual freedom and voluntarism with cultural homogeneity and generally reactionary social valuesAnarcho-Fascism
15%
An extremely progressive ideology that believes that the Dictatorship of the Proletariat, proposed by Marxism should be run by democratic workers councils and unions, rather than a Socialist Party.Luxemburgism
12%
A system of administrative councils elected by the people that allow local communities to exercise autonomous control over their assets while linking to other communities via a network of confederal councils.Democratic Confederalism
11%

Score Distribution

Percentile by Number Answered

Percent of People with Each Score

Your Score History

You have not taken this quiz